03486cam a2200229 a 450000500170000000800410001704000550005804100080011308200120012110000460013324500930017926000700027230000600034250004220040250520200082450600210284465000430286565000260290885600960293485601070303085601190313720160516092227.0 k18801881sp |||fr|||| 1 sspa d cSandra Yazo (modificó)dSandra Yazo (modificó)0 aspa04220a2741 aMenéndez y Pelayo, Marcelinod1856-191210aHistoria de los heterodoxos españolescpor el doctor Don Marcelino Menéndez y Pelayo aMadrid (España)bLibrería Católica de San Joséc1880-1881 a3 volúmenes (802 ; 786 ; 891 páginas.)c24 x 16 cm. aDetalles físicos: Encuadernación rígida (holandesa) en cartón forrada en papel. Lomo en cuero con nervaduras sobre costuras y adornos en dorado. Guardas. Anteportada. Portada impresa en dos tintas. Mayúsculas capitales. Texto en una columna, márgenes amplios, con notas a pie de página. Algunas manchas sobre el papel. Copias con notorio deterioro en la encuadernación, algunas hojas con perforaciones0 aV.1: Libro I - III: Cuadro general de la vida religiosa en la península antes de Prisciliano ; Siglos IV y V Herejías de la época Visigoda ; Artes mágicas y de adivinación, astrología, prácticas -- Herejías del primer siglo de la reconquista ; La herejía entre los muzárabes cordobeses ; Un iconoclasta español en Italia -- Entrada del panteísmo semítico en las escuelas cristianas ; Albigenses, cátaros ; Arnaldo de Vilanova ; Noticia de diversas herejías del siglo XIV ; Reacción antiaverroista ; Herejes de Durango ; Artes mágicas, hechicerías y supersticiones en España desde el Siglo VII al XV ; Apostasías ; Apéndices -- V.2: Libro IV - V: Los erasmistas españoles ; Los erasmistas españoles, Alfonso de Valdés ; El erasmismo en Portugal, Damián de Goes ; Protestantes Españoles del siglo XVI, Juan de Valdés ; Luteranos españoles fuera de España ; Protestantes españoles fuera de España ; El luteranismo en Valladolid y otras partes de Castilla la vieja ; Proceso del Arzobispo de Toledo Don Fray Bartolomé Carranza de Miranda ; El luteranismo en Sevilla ; Protestantes españoles fuera de Espala en los siglos XVI y XVII -- Sectas místicas ; Judaizantes ; Moriscos ; Artes mágicas, hechicerías y supersticiones en los siglos XVI y XVII ; Resistencia ortodoxa ; Epilogo ; Apéndices -- V.3: Libro VI - VIII: El Jansenismo Regalista en el siglo XVIII ; El enciclopedismo en España ; Tres heterodoxos españoles en la Francia Revolucionaria -- La heterodoxia entre los afrancesados ; LA heterodoxia en las Cortes de Cádiz ; La heterodoxia durante el reinado de Fernando VII ; Protestantes españoles en el primer tercio del siglo XIX -- Política heterodoxa durante el reinado de doña Isabel II ; Esfuerzos de la propagada protestante durante el reinado de doña Isabel II ; De la filosofía heterodoxa desde 1834 a 1868, y especialmente del Krausismo ; Breve recapitulación de los sucesos de nuestra historia eclesiástica aConsulta en sala 7aIglesia católicaxHistoriazEspaña 7aHerejías zEspaña41uhttps://archive.org/stream/historiadeloshet01men#page/8/mode/2upzDisponible en línea V.141uhttp://cdigital.dgb.uanl.mx/la/1080014641_C/1080014642_T2/1080014642_MA.PDFzDisponible en línea V.241uhttp://historiayverdad.org/Historia-de-los-heterodoxos-espanioles-3-menendez-pelayo.pdfzDisponible en línea V.3